000 00204nam a2200097Ia 4500
008 240331s9999 xx 000 0 und d
082 _bAGI
100 _aAgilan.T
245 0 _aMaranathin vaasani
942 _cL
999 _c5658
_d5658